[Event "45th Olympiad Budapest 2024"]
[Site "Budapest"]
[Date "2024.09.19"]
[Round "8"]
[Board "1"]
[White "Howell, David W L"]
[Black "Stremavicius, Titas"]
[Result "1/2-1/2"]
[WhiteElo "2677"]
[BlackElo "2527"]
[PlyCount "151"]
[EventDate "2024.09.11"]
[EventType "team-tourn"]
[EventRounds "11"]
[EventCountry "HUN"]
[WhiteTeam "England"]
[BlackTeam "Lithuania"]
[WhiteTeamCountry "ENG"]
[BlackTeamCountry "LTU"]

1. e4 c5 2. Nf3 Nc6 3. d4 cxd4 4. Nxd4 Nf6 5. Nc3 e6 6. Ndb5 Bc5 7. Nd6+ Ke7 8. Bf4 e5 9. Nf5+ Kf8 10. Bg5 d6 11. Bc4 h6 12. Bxf6 Qxf6 13. Nd5 Qd8 14. Qd3 g6 $146 ({RR} 14... a6 15. h4 Be6 16. O-O-O b5 17. Bb3 a5 18. Qxb5 a4 19. Bxa4 Bd7 20. Bb3 Nd4 21. Qd3 Bb5 22. Bc4 Rxa2 23. Bxb5 Qa5 24. Nc3 Ra1+ 25. Kd2 Rxd1+ 26. Rxd1 Bb4 27. Bc4 {1-0 Mammadzada,G (2449)-Maltsevskaya,A (2374) Swiss Queens Wed #2 2024 (9.88)}) 15. Nfe3 Kg7 16. a3 a5 17. O-O-O Rb8 18. g3 Nd4 19. c3 b5 20. Ba2 Nc6 21. b4 Ba7 22. h4 h5 23. Kb2 Rf8 24. f4 exf4 25. gxf4 Ne7 26. Nxe7 Qxe7 27. Nd5 Qe8 28. Nc7 Qc6 29. Qxd6 Qxd6 30. Rxd6 Rb7 31. Nd5 Bb8 32. Rc6 Bd7 33. Ra6 axb4 34. axb4 Bg4 35. Rh2 Rd8 36. e5 Ba7 37. Rd6 Rxd6 38. exd6 Bb8 39. Nc7 Bxc7 40. Bd5 Ra7 41. dxc7 Rxc7 42. c4 bxc4 43. Kc3 Bd7 44. Ra2 Kf6 45. Ra5 Ke7 46. Bxc4 Be6 47. Rc5 Ra7 48. Ra5 Rc7 49. Rc5 Ra7 50. b5 Bxc4 51. Rxc4 Ke6 52. Rc5 Ra1 53. Kb4 Kd6 54. Rc6+ Kd5 55. Rf6 Rh1 56. b6 Rxh4 57. b7 Rh2 58. Kb3 Rh3+ 59. Kb4 Rh2 60. Kc3 Rh3+ 61. Kc2 Rh2+ 62. Kb1 Rh1+ 63. Ka2 Rh2+ 64. Ka3 Rh3+ 65. Ka2 Rh2+ 66. Ka1 Rh1+ 67. Kb2 Rh2+ 68. Ka3 Rh3+ 69. Ka4 Rh1 70. Rd6+ Kc5 71. Rd3 Ra1+ 72. Ra3 Rb1 73. Rb3 Ra1+ 74. Ra3 Rb1 75. Rb3 Ra1+ 76. Ra3 1/2-1/2

[Event "45th Olympiad Budapest 2024"]
[Site "Budapest"]
[Date "2024.09.19"]
[Round "8"]
[Board "2"]
[White "Kazakouski, Valery"]
[Black "Adams, Michael"]
[Result "0-1"]
[WhiteElo "2577"]
[BlackElo "2661"]
[PlyCount "82"]
[EventDate "2024.09.11"]
[EventType "team-tourn"]
[EventRounds "11"]
[EventCountry "HUN"]
[WhiteTeam "Lithuania"]
[BlackTeam "England"]
[WhiteTeamCountry "LTU"]
[BlackTeamCountry "ENG"]

1. d4 Nf6 2. c4 e6 3. Nc3 d5 4. Nf3 Be7 5. Bf4 O-O 6. e3 Nbd7 7. c5 c6 8. b4 b6 9. h4 a5 10. a3 h6 11. Bd3 Ba6 12. Bxa6 Rxa6 13. b5 cxb5 14. c6 Qc8 15. c7 b4 16. Nb5 a4 17. Rc1 $146 ({RR} 17. axb4 Bxb4+ 18. Ke2 Ra5 19. Qd3 Ne4 20. Rhc1 Qa8 21. Rab1 Be7 22. Ne5 Nxe5 23. Bxe5 Rc8 24. f3 Nf6 25. g4 Ne8 26. g5 h5 27. Rc2 a3 28. Ra2 Qc6 29. Qb3 Qd7 30. Kd3 Bd6 31. Nxd6 Nxd6 {0-1 Homa,S (2237)-Wang,T (2402) Charlotte CCCSA Summer IM-B 2022 (8)}) ({RR} 17. Qc1 Ne4 18. Qc6 Nb8 19. cxb8=N Ra5 20. O-O g5 21. hxg5 hxg5 22. Bc7 {1-0 Makkar,R (2399)-Berry,N (2240) 4th EJCOA Inv 2022 (1.2)}) 17... Ne4 18. Nd2 Ndf6 19. Nxe4 dxe4 20. Nd6 Bxd6 21. Bxd6 b3 22. Bxf8 Kxf8 23. Qd2 Nd5 24. f3 exf3 25. gxf3 Ra7 26. e4 Rxc7 27. Rxc7 Nxc7 28. Qb4+ Kg8 29. Kf2 b5 30. Qc5 Qd7 31. Ke3 Ne8 32. Rg1 Nd6 33. h5 f5 34. Kd3 Kh7 35. Ke3 fxe4 36. fxe4 Nc4+ 37. Ke2 b2 38. Rb1 e5 39. Rg1 exd4 40. Qd5 Qxd5 41. exd5 b4 0-1

[Event "45th Olympiad Budapest 2024"]
[Site "Budapest"]
[Date "2024.09.19"]
[Round "8"]
[Board "3"]
[White "McShane, Luke J"]
[Black "Laurusas, Tomas"]
[Result "1/2-1/2"]
[WhiteElo "2611"]
[BlackElo "2569"]
[PlyCount "81"]
[EventDate "2024.09.11"]
[EventType "team-tourn"]
[EventRounds "11"]
[EventCountry "HUN"]
[WhiteTeam "England"]
[BlackTeam "Lithuania"]
[WhiteTeamCountry "ENG"]
[BlackTeamCountry "LTU"]

1. e4 e5 2. Nf3 Nf6 3. Nc3 Nc6 4. Bb5 Bb4 5. O-O O-O 6. d3 d6 7. Ne2 Ne7 8. c3 Ba5 9. Ng3 Ng6 10. d4 c6 11. Bd3 Re8 12. h3 h6 13. Be3 Bc7 14. Re1 d5 15. dxe5 Nxe4 16. Nxe4 dxe4 17. Bxe4 Nxe5 18. Nxe5 Bxe5 19. Qxd8 Rxd8 20. f4 Bc7 $146 ({RR} 20... Bf6 21. f5 Bd7 22. Rad1 Be8 23. Kf2 Rxd1 24. Rxd1 b6 25. Kf3 Rc8 26. Rd2 Kf8 27. Bf4 b5 28. Be3 c5 29. Rd6 b4 30. cxb4 cxb4 31. b3 a5 32. Ra6 Bd8 33. Ra7 h5 34. g4 hxg4+ 35. hxg4 {0-1 Brkic,A (2563)-Stefanova,A (2486) EU-ch blitz Skopje 2018 (15)}) 21. f5 Bb6 22. Kf2 Bxe3+ 23. Kxe3 Kf8 24. g4 Bd7 25. h4 f6 26. g5 Be8 27. g6 Rd7 28. Rad1 Rad8 29. Rxd7 Rxd7 30. b4 Re7 31. Rd1 Rd7 32. Rb1 Ke7 33. c4 Kd8 34. c5 Re7 35. Rd1+ Kc7 36. h5 Bd7 37. Kd4 Re5 38. Rf1 Bc8 39. Rf2 Bd7 40. Rf3 Bc8 41. Rf2 1/2-1/2

[Event "45th Olympiad Budapest 2024"]
[Site "Budapest"]
[Date "2024.09.19"]
[Round "8"]
[Board "4"]
[White "Pidluznij, Gleb"]
[Black "Jones, Gawain C B"]
[Result "1/2-1/2"]
[WhiteElo "2425"]
[BlackElo "2646"]
[PlyCount "120"]
[EventDate "2024.09.11"]
[EventType "team-tourn"]
[EventRounds "11"]
[EventCountry "HUN"]
[WhiteTeam "Lithuania"]
[BlackTeam "England"]
[WhiteTeamCountry "LTU"]
[BlackTeamCountry "ENG"]

1. e4 c5 2. Nf3 Nc6 3. Bb5 e6 4. O-O Nge7 5. d4 cxd4 6. Nxd4 Ng6 7. Be3 Be7 8. Be2 O-O 9. c4 Nxd4 10. Qxd4 Bf6 11. Qd2 b6 12. Nc3 Bb7 13. Rad1 Bxc3 14. bxc3 Bxe4 15. Qxd7 Qc8 $146 ({RR} 15... Qxd7 16. Rxd7 Rfc8 17. c5 Ne5 18. Rd4 Bd5 19. cxb6 axb6 20. Rd2 Nc4 21. Bxc4 Bxc4 22. Rfd1 b5 23. Bb6 Bxa2 24. Rd8+ Rxd8 25. Rxd8+ Rxd8 26. Bxd8 e5 27. f4 exf4 28. Bg5 f6 29. Bxf4 Kf7 30. Bd6 {½-½ Pulpan,J (2386)-Straka,V (2436) TCh-CZE 1 Liga Zapad 2023 (11.2)}) 16. Qxc8 Rfxc8 17. Rd6 Bb7 18. c5 bxc5 19. Rb1 Be4 20. Rb5 Nh4 21. Rxc5 Rcb8 22. f3 Bd5 23. Bf2 Nf5 24. Rd7 Bxa2 25. g4 Nh6 26. Ra5 Rb2 27. Rdxa7 Rxa7 28. Rxa7 f5 29. Kf1 fxg4 30. fxg4 Rb1+ 31. Kg2 Bd5+ 32. Kg3 Rb2 33. Bf3 Bxf3 34. Kxf3 Nxg4 35. Kxg4 Rxf2 36. h4 Rf5 37. h5 h6 38. Re7 Rg5+ 39. Kh4 Re5 40. c4 Kf8 41. Rc7 Re4+ 42. Kg3 Re5 43. Kh4 Re1 44. c5 Ke8 45. c6 Rd1 46. Kh3 Rh1+ 47. Kg4 Kd8 48. Rd7+ Kc8 49. Re7 Rg1+ 50. Kf4 Rg5 51. Rxe6 Kc7 52. Re5 Rg1 53. Re6 Rh1 54. Re7+ Kxc6 55. Rxg7 Rxh5 56. Kg4 Rh1 57. Ra7 Rg1+ 58. Kh5 Rg5+ 59. Kxh6 Kb6 60. Kxg5 Kxa7 1/2-1/2

[Event "45th Olympiad Budapest 2024"]
[Site "Budapest"]
[Date "2024.09.19"]
[Round "8"]
[Board "1"]
[White "Vocaturo, Daniele"]
[Black "Suleymanli, Aydin"]
[Result "1/2-1/2"]
[WhiteElo "2600"]
[BlackElo "2632"]
[PlyCount "77"]
[EventDate "2024.09.11"]
[EventType "team-tourn"]
[EventRounds "11"]
[EventCountry "HUN"]
[WhiteTeam "Italy"]
[BlackTeam "Azerbaijan"]
[WhiteTeamCountry "ITA"]
[BlackTeamCountry "AZE"]

1. e4 e5 2. Nf3 Nc6 3. Bb5 a6 4. Ba4 Nf6 5. O-O Be7 6. Re1 b5 7. Bb3 O-O 8. h3 Bb7 9. d3 d5 10. exd5 Nxd5 11. a4 Ndb4 12. Nxe5 Nd4 13. Nd2 Nxb3 14. Nxb3 Qd5 15. Nf3 Qd7 16. Re3 Nd5 17. Re5 f6 $146 ({RR} 17... Bd6 18. Re1 Rae8 19. Bd2 Rxe1+ 20. Nxe1 c5 21. axb5 axb5 22. Ra7 Qc8 23. c4 Nc7 24. Be3 Ne6 25. cxb5 Qb8 26. Ra5 Bd5 27. Qc2 Rc8 28. Ra1 Qxb5 29. Nd4 Nxd4 30. Bxd4 f6 31. Bc3 Re8 32. Qd1 {½-½ Pranav,A (2532)-Sargsyan,S (2637) Dubai Police Open A 2024 (4.5)}) ({RR} 17... Bd6 18. Re1 Nb4 19. Nh4 Rfe8 20. Bd2 Rxe1+ 21. Bxe1 Re8 22. Nd4 g6 23. axb5 axb5 24. Qg4 Qxg4 25. hxg4 Bc5 26. Bxb4 Bxd4 27. Bc3 Bc5 28. b4 Bb6 29. Kf1 Rc8 30. Bf6 c5 31. bxc5 Bxc5 32. c3 {½-½ Aditya,M (2583)-Yilmaz,M (2588) TCh-TUR Super League 2024 (3.7)}) 18. Re1 Nb4 19. Nfd4 bxa4 20. Na5 Bd5 21. c3 Bc5 22. Be3 Bf7 23. cxb4 Bxd4 24. Bxd4 Qxd4 25. Nc6 Qxb2 26. Qxa4 Rfe8 27. Reb1 Qc3 28. b5 a5 29. Qa3 Qd2 30. Qc5 Kh8 31. Rd1 Qe2 32. d4 a4 33. d5 a3 34. b6 cxb6 35. Qxb6 Qb2 36. Qxb2 axb2 37. Rab1 Bxd5 38. Rxd5 Rec8 39. Rxb2 1/2-1/2

[Event "45th Olympiad Budapest 2024"]
[Site "Budapest"]
[Date "2024.09.19"]
[Round "8"]
[Board "2"]
[White "Abasov, Nijat"]
[Black "Lodici, Lorenzo"]
[Result "1/2-1/2"]
[WhiteElo "2626"]
[BlackElo "2556"]
[PlyCount "302"]
[EventDate "2024.09.11"]
[EventType "team-tourn"]
[EventRounds "11"]
[EventCountry "HUN"]
[WhiteTeam "Azerbaijan"]
[BlackTeam "Italy"]
[WhiteTeamCountry "AZE"]
[BlackTeamCountry "ITA"]

1. d4 Nf6 2. Nf3 b6 3. c4 e6 4. g3 Bb7 5. Bg2 Be7 6. O-O O-O 7. Nc3 Ne4 8. Bd2 d6 9. Qc2 Nxd2 10. Qxd2 ({RR} 10. Nxd2 Bxg2 11. Kxg2 Nd7 12. Rad1 g6 13. b4 Bf6 14. Nf3 Bg7 15. b5 a6 16. a4 Qc8 17. Qe4 axb5 18. axb5 Ra3 19. Rc1 Re8 20. e3 f5 21. Qc2 Qa8 22. Qe2 Qa5 23. Qc2 Qa8 24. Qe2 Qa5 {½-½ Cheparinov,I (2629)-Andreikin,D (2759) Hengshui IMSA rapid 2019 (2)}) 10... Nd7 11. e4 a5 ({RR} 11... e5 12. Rad1 a5 13. b3 Bf6 14. Rfe1 g6 15. dxe5 Nxe5 16. Nd4 Nd7 17. f4 Bg7 18. e5 Nc5 19. Bxb7 Nxb7 20. Qg2 Nc5 21. exd6 Bxd4+ 22. Rxd4 cxd6 23. Red1 Re8 24. Rxd6 Qe7 25. Qf3 a4 26. b4 {1-0 Handler,L (2439)-Zilka,S (2609) TCh-AUT 2023-24 (11.2)}) 12. Rfe1 g6 $146 ({RR} 12... Bf6 13. Rad1 e5 14. Nd5 Bxd5 15. cxd5 exd4 16. Nxd4 Bxd4 17. Qxd4 Qf6 18. Qc4 Rac8 19. Re2 Nc5 20. b3 Rce8 21. a3 Re7 22. Rde1 Rfe8 23. b4 axb4 24. axb4 Na4 25. Rc2 Rb8 26. Qb5 Nc3 27. Qc6 {1-0 Bogdan,D (2353)-Muller,W (2141) ROM-ch sf Baile Tusnad 2000 (4)}) 13. h4 Bf6 14. Rad1 Bg7 15. Qc2 Qe7 16. b3 h6 17. Rd2 Rad8 18. a3 g5 19. hxg5 hxg5 20. Nh2 c5 21. Ne2 cxd4 22. Nxd4 Ne5 23. a4 g4 24. Nb5 Bc6 25. Qd1 Qg5 26. Na7 Ba8 27. Nb5 Rd7 28. Qe2 Rfd8 29. Red1 Bc6 30. Nd4 Bb7 31. Nc2 Bh6 32. Ne3 Qg6 33. Nhxg4 Nxg4 34. Qxg4 Qxg4 35. Nxg4 Bxd2 36. Nf6+ Kg7 37. Nxd7 Bb4 38. Ne5 Kf8 39. Nd3 Bc3 40. f4 Ke7 41. Bf3 e5 42. Kg2 Rh8 43. f5 Rh7 44. Nc1 Bd4 45. Ne2 Bc5 46. Nc1 Bd4 47. Re1 Bc3 48. Re2 Bd4 49. Na2 Bc6 50. Re1 Bb7 51. Bd1 Bc5 52. Bc2 Rh5 53. Rf1 Kf6 54. Nc3 Bc6 55. Bd3 Bd4 56. Nb1 Bc5 57. Nd2 Rg5 58. Nf3 Rg4 59. Re1 Ke7 60. Bc2 Bb4 61. Re2 Bc5 62. Nh4 Rg8 63. Kf3 Rh8 64. Rh2 Kf6 65. Re2 Rh7 66. Kg2 Ke7 67. Nf3 Rg7 68. Re1 Rg8 69. Nh2 Rg5 70. g4 Rg8 71. Kg3 Bb4 72. Re2 Ba3 73. Re1 Bb4 74. Rh1 Rh8 75. Rd1 f6 76. Nf3 Bc5 77. Nh4 Be8 78. Ng2 Bc6 79. Re1 Bb4 80. Rd1 Bc5 81. Nh4 Be8 82. Rh1 Kd7 83. Kf3 Bf7 84. Ke2 Rg8 85. Kf3 Rh8 86. Bd1 Ba3 87. Be2 Bc5 88. Bf1 Kd8 89. Bg2 Ke8 90. Ke2 Ba3 91. Nf3 Rxh1 92. Bxh1 Bc1 93. Kd3 Ke7 94. Bg2 Be8 95. Bf1 Bc6 96. Be2 Be8 97. Bd1 Bc6 98. Bc2 Kd7 99. Kc3 Be3 100. Kd3 Bf4 101. Kc3 Be3 102. b4 axb4+ 103. Kxb4 Bc5+ 104. Kc3 Be3 105. Kd3 Bf4 106. Ke2 Kc7 107. Ne1 Bg5 108. Kf3 Be8 109. Nd3 Bf7 110. Bb3 Bh4 111. Ke2 Kc6 112. Kd2 Kb7 113. Nb4 Be8 114. Kd3 Bc6 115. Nc2 Bg5 116. Nb4 Kc7 117. Na2 Kd8 118. Nc3 Kc7 119. Ba2 Bh4 120. Bb3 Bg5 121. Ne2 Kd7 122. Ng1 Ke7 123. Nf3 Bc1 124. Bc2 Kd8 125. Kc3 Be3 126. Ne1 Bg5 127. Ng2 Kc7 128. Kd3 Kb7 129. Ne1 Kc7 130. Bb3 Kd8 131. Nf3 Bh6 132. Bc2 Ke7 133. Ke2 Bf4 134. Kf2 Kf7 135. Ng1 Bd2 136. Kf3 Ke7 137. Bb3 Bf4 138. Nh3 Bd2 139. Bc2 Be8 140. Ke2 Bc1 141. Ng1 Bc6 142. Nf3 Bf4 143. Kd3 Kd8 144. Nd2 Kc7 145. Nb1 Kd8 146. Nc3 Bg5 147. Bb3 Kc7 148. Nb5+ Bxb5 149. cxb5 Bh4 150. Kc4 Bg5 151. Kd5 Bh4 1/2-1/2

[Event "45th Olympiad Budapest 2024"]
[Site "Budapest"]
[Date "2024.09.19"]
[Round "8"]
[Board "3"]
[White "Sonis, Francesco"]
[Black "Mamedov, Rauf"]
[Result "1/2-1/2"]
[WhiteElo "2554"]
[BlackElo "2637"]
[PlyCount "93"]
[EventDate "2024.09.11"]
[EventType "team-tourn"]
[EventRounds "11"]
[EventCountry "HUN"]
[WhiteTeam "Italy"]
[BlackTeam "Azerbaijan"]
[WhiteTeamCountry "ITA"]
[BlackTeamCountry "AZE"]

1. d4 d5 2. c4 dxc4 3. e3 Nf6 4. Bxc4 e6 5. Nf3 c5 6. O-O a6 7. Bd3 Nc6 8. Nc3 Be7 9. Ne4 ({RR} 9. dxc5 Bxc5 10. a3 O-O 11. b4 Bd6 12. Ne4 Nxe4 13. Bxe4 Qe7 14. Bb2 Bd7 15. Qd3 f5 16. Rad1 fxe4 17. Qxd6 Qxd6 18. Rxd6 exf3 19. Rxd7 Rf7 20. Rfd1 Raf8 21. gxf3 e5 22. Rxf7 Rxf7 23. Kg2 Re7 {½-½ Riazantsev,A (2638)-Inarkiev,E (2661) Play for Russia Prelim blitz 2020 (7)}) ({RR} 9. Qe2 O-O 10. Rd1 b5 11. dxc5 Qc7 12. Ne4 Nxe4 13. Bxe4 Bb7 14. Bd2 f5 15. Bxc6 Qxc6 16. b4 Bf6 17. Rac1 Rad8 18. Bc3 Rxd1+ 19. Qxd1 Rd8 20. Qc2 Qd5 21. Bxf6 gxf6 22. h3 Bc6 23. Qe2 Kf7 {½-½ Ambartsumova,K (2418)-Toncheva,N (2257) Swiss Queens Wed #1 2024 (4.39)}) 9... cxd4 10. exd4 O-O 11. Be3 $146 ({RR} 11. Qe2 Nxe4 12. Bxe4 Bf6 13. Rd1 Nb4 14. Bf4 Nd5 15. Bg3 b5 16. a4 b4 17. Qd3 h6 18. Nd2 Bb7 19. Nb3 Bc6 20. Rdc1 Qb6 21. Bd6 Rfc8 22. Qg3 Qd8 23. Bc5 a5 24. Re1 Nb6 25. Bc2 Nxa4 {0-1 Regis,G-Berndt,M (2130) Hessenliga Germany 1995}) 11... Nd5 12. Bc1 b6 13. a3 Bb7 14. Bc2 Rc8 15. Qd3 g6 16. Bd2 Nf6 17. Nc3 Re8 18. Rad1 b5 19. Bg5 Na5 20. Ne5 Nd7 21. Bxe7 Qxe7 22. Qe2 Nf6 23. Nd3 Nc6 24. Qe3 Ba8 25. Bb3 Na5 26. Ba2 Nc4 27. Bxc4 bxc4 28. Ne5 Qb7 29. f3 Qe7 30. Ne4 Nd5 31. Qc1 Red8 32. Nc5 Nb6 33. Nxc4 Nxc4 34. Qxc4 a5 35. Rfe1 Rd5 36. b4 axb4 37. axb4 Qh4 38. Re4 Qd8 39. Qc3 Rb8 40. Na6 Rb6 41. Nc5 Rh5 42. Re2 Rd5 43. Rdd2 Rbd6 44. Ne4 Rc6 45. Nc5 Rcd6 46. Ne4 Rc6 47. Nc5 1/2-1/2

[Event "45th Olympiad Budapest 2024"]
[Site "Budapest"]
[Date "2024.09.19"]
[Round "8"]
[Board "4"]
[White "Mamedyarov, Shakhriyar"]
[Black "Brunello, Sabino"]
[Result "1/2-1/2"]
[WhiteElo "2733"]
[BlackElo "2511"]
[PlyCount "98"]
[EventDate "2024.09.11"]
[EventType "team-tourn"]
[EventRounds "11"]
[EventCountry "HUN"]
[WhiteTeam "Azerbaijan"]
[BlackTeam "Italy"]
[WhiteTeamCountry "AZE"]
[BlackTeamCountry "ITA"]

1. c4 e6 2. g3 d5 3. Bg2 Nf6 4. Nf3 Be7 5. O-O O-O 6. d3 c5 7. Ne5 Nbd7 8. Nxd7 Qxd7 $146 ({RR} 8... Bxd7 9. e4 dxe4 10. dxe4 Bc6 11. Qe2 Nd7 12. Nc3 Bf6 13. Bf4 Ne5 14. Rfd1 Qe7 15. Be3 Ng6 16. f4 Bd4 17. Bxd4 cxd4 18. Rxd4 e5 19. fxe5 Nxe5 20. Rad1 Rad8 21. Nd5 Bxd5 22. exd5 Rfe8 23. d6 {1-0 Ivanisevic,I (2606)-Travadon,L (2414) Titled Tuesday intern op 06th Apr blitz 2021 (1)}) ({RR} 8... Bxd7 9. e4 dxe4 10. dxe4 Bc6 11. Qe2 Nd7 12. f4 a6 13. a4 Qc7 14. Nc3 Bf6 15. e5 Bxg2 16. Kxg2 Be7 17. Bd2 Rae8 18. Ne4 Qc6 19. Qf3 f5 20. exf6 gxf6 21. Bc3 f5 22. Rfd1 Nb6 23. Nd2 {1-0 Caruana,F (2793)-Giri,A (2746) 11th Sinquefield Cup 2024 (9.3)}) ({RR} 8... Bxd7 9. e4 Bc6 10. Qe2 Qd7 11. e5 Ne8 12. Nc3 Nc7 13. Bf4 b5 14. Rad1 Rfd8 15. h4 Qc8 16. Rd2 Qb7 17. Rfd1 Rd7 18. h5 Rad8 19. b3 a5 20. Qg4 b4 21. Ne2 Kh8 22. h6 g6 23. Bg5 {1-0 Rozen,E (2462)-Sherman,R (2295) ch-ISR Open 2024 (5.4)}) ({RR} 8... Bxd7 9. e4 Bc6 10. e5 Nd7 11. cxd5 Bxd5 12. Bxd5 exd5 13. d4 cxd4 14. Qxd4 Nc5 15. Nc3 Ne6 16. Qxd5 Qc7 17. Be3 Rfd8 18. Qe4 Bc5 19. Rfd1 Bxe3 20. Qxe3 Qc6 21. Ne4 Qc2 22. Nd6 Qxb2 23. Rab1 {1-0 Eljanov,P (2706)-Janaszak,D (2322) Titled Tue 15th Nov Late 2022 (4)}) ({RR} 8... Bxd7 9. e4 Bc6 10. Qe2 d4 11. e5 Bxg2 12. Kxg2 Nd7 13. Re1 Qc7 14. Qe4 Rac8 15. Nd2 Qc6 16. f4 a6 17. a4 a5 18. Nf3 Qxe4 19. Rxe4 Rc6 20. b3 Bd8 21. Bd2 Bc7 22. Rae1 Ra8 23. h3 {1-0 Matlakov,M (2673)-Prohaszka,P (2585) Geza Hetenyi Mem 2023 (1.1)}) 9. e4 b6 10. f4 dxe4 11. dxe4 Ba6 12. e5 Rad8 13. Qxd7 Nxd7 14. b3 b5 15. cxb5 Bxb5 16. Re1 Nb6 17. Nc3 Bd3 18. Ba3 Rd7 19. Red1 Rc8 20. Kf2 f6 21. Bh3 Kf7 22. Re1 f5 23. Rac1 a5 24. Red1 c4 25. Bxe7 Kxe7 26. Ke3 Rcd8 27. Bg2 cxb3 28. axb3 Ba6 29. Rxd7+ Rxd7 30. Rd1 Rxd1 31. Nxd1 a4 32. bxa4 Nxa4 33. Kd4 Nb6 34. Bc6 Nc4 35. Bb7 Bb5 36. Nc3 Na5 37. Bd5 Be8 38. Ba2 Nb7 39. Kc4 h6 40. Kb4 g5 41. Ne2 Nd8 42. Kc5 Nf7 43. Nd4 Bd7 44. Nf3 gxf4 45. gxf4 Nh8 46. Nh4 Be8 47. Bb3 Bh5 48. Kd4 Ng6 49. Nxg6+ Bxg6 1/2-1/2

[Event "45th Olympiad Budapest 2024"]
[Site "Budapest"]
[Date "2024.09.19"]
[Round "8"]
[Board "1"]
[White "Anton Guijarro, David"]
[Black "Bjerre, Jonas Buhl"]
[Result "0-1"]
[WhiteElo "2665"]
[BlackElo "2648"]
[PlyCount "80"]
[EventDate "2024.09.11"]
[EventType "team-tourn"]
[EventRounds "11"]
[EventCountry "HUN"]
[WhiteTeam "Spain"]
[BlackTeam "Denmark"]
[WhiteTeamCountry "ESP"]
[BlackTeamCountry "DEN"]

1. c4 Nf6 2. Nf3 e6 3. g3 d5 4. Bg2 Be7 5. O-O O-O 6. d4 c6 7. b3 b6 8. Bb2 Nbd7 9. Re1 $146 ({RR} 9. Ne5 Nxe5 10. dxe5 Nd7 11. cxd5 cxd5 12. f4 f6 13. Nc3 Ba6 14. Nxd5 exd5 15. Qxd5+ Kh8 16. Rfd1 Nc5 17. Qf3 Qe8 18. e4 Rd8 19. exf6 gxf6 20. Rxd8 Qxd8 21. Rd1 Qe8 22. Bh3 Bb7 23. Re1 Nxe4 {0-1 Richter,E-Rohacek,I Trencianske Teplice 1949 (6)}) ({RR} 9. Qc2 a5 10. a3 Ba6 11. Nbd2 Rc8 12. Rfe1 c5 13. e4 dxe4 14. Nxe4 a4 15. d5 exd5 16. cxd5 Nxe4 17. Qxe4 Bf6 18. Bxf6 Nxf6 19. Qxa4 Ra8 20. Ne5 Bf1 21. Nc6 Rxa4 22. Nxd8 Bxg2 23. Nc6 Raa8 {1-0 Jones,G (2620)-Adams,M (2677) 4NCL 2023-24 (9.1)}) ({RR} 9. Qc2 a5 10. Nbd2 Ba6 11. Rad1 Qb8 12. e4 Rc8 13. Ng5 Ne8 14. f4 Bxg5 15. fxg5 dxc4 16. Nxc4 Bxc4 17. Qxc4 b5 18. Qe2 Qd6 19. Rf4 Ra7 20. h4 Qe7 21. Qg4 Rd8 22. Rdf1 Nf8 23. e5 Ng6 {½-½ Vasiliadis,T (1845)-Hobson,K (2130) Hastings Masters 2023-24 (9.20)}) ({RR} 9. e3 Ba6 10. Nbd2 Rc8 11. Rc1 c5 12. Re1 cxd4 13. exd4 Bb4 14. a3 Bd6 15. Ne5 Bb8 16. f4 Bb7 17. b4 Nxe5 18. dxe5 Ne8 19. Nb3 Nc7 20. Nd4 Qd7 21. b5 Rfd8 22. Qg4 g6 23. Qg5 Re8 {1-0 Filip,M-Prameshuber,A Bratislava 1957 (2)}) ({RR} 9. e3 Ba6 10. Qe2 Rc8 11. Nc3 c5 12. Nb5 cxd4 13. Nfxd4 e5 14. Nf5 Bxb5 15. cxb5 Re8 16. Rfd1 e4 17. g4 h6 18. h4 Bf8 19. g5 hxg5 20. hxg5 Nh7 21. Rxd5 Rc5 22. Rad1 Qxg5 23. Nxg7 Rxd5 {½-½ Pachman,L-Blatny,F CSR-ch28 Bratislava 1959 (15)}) 9... a5 10. Nfd2 b5 11. c5 e5 12. a3 Qc7 13. e3 Re8 14. Nc3 h5 15. b4 exd4 16. exd4 Nf8 17. Nf3 Bg4 18. Qd3 Bxf3 19. Bxf3 Ne6 20. h4 Bf8 21. Re2 g6 22. Rae1 Bg7 23. Kg2 axb4 24. axb4 Qd7 25. Kg1 Ng4 26. Nd1 Ra4 27. Qb3 Rea8 28. Rd2 Ra2 29. Bxg4 hxg4 30. Qc3 Nc7 31. Ne3 Ne8 32. Rdd1 Nf6 33. Ra1 Ne4 34. Qb3 R2a4 35. Kg2 Nd2 36. Qd3 Nf3 37. Rh1 Rxa1 38. Bxa1 Qe6 39. Bc3 Ra3 40. Nc2 Rxc3 0-1

[Event "45th Olympiad Budapest 2024"]
[Site "Budapest"]
[Date "2024.09.19"]
[Round "8"]
[Board "2"]
[White "Andersen, Mads"]
[Black "Vallejo Pons, Francisco"]
[Result "1/2-1/2"]
[WhiteElo "2598"]
[BlackElo "2657"]
[PlyCount "60"]
[EventDate "2024.09.11"]
[EventType "team-tourn"]
[EventRounds "11"]
[EventCountry "HUN"]
[WhiteTeam "Denmark"]
[BlackTeam "Spain"]
[WhiteTeamCountry "DEN"]
[BlackTeamCountry "ESP"]

1. e4 {Blatny,Pavel} c6 2. Nf3 d5 3. Nc3 g6 4. d4 Bg7 5. h3 Nf6 6. e5 ({RR} 6. Bd3 dxe4 7. Nxe4 Nxe4 8. Bxe4 Nd7 9. O-O O-O 10. Re1 e5) 6... Ne4 7. a4 $146 ({RR} 7. Nxe4 dxe4 8. Ng5 f5 9. Bc4 b5 10. Bb3 c5 11. Nf7 Qd7 12. e6 Qxd4 13. Qxd4 Bxd4 14. Bd5 {1-0 Rousseau,J (2248)-Bolduc,S (1850) Montreal op 1981 (3)}) ({RR} 7. Bd2 c5 8. dxc5 ({RR} 8. Bd3 cxd4 9. Nxd4 ({RR} 9. Bxe4 dxc3) 9... Nxc3 10. Bxc3 Bxe5) ({RR} 8. Bb5+ Bd7 9. Bxd7+ Qxd7) 8... O-O ({RR} 8... Nc6 9. Bb5 O-O 10. Bxc6 bxc6 11. Nd4 Nxc5 12. Be3) 9. Bb5 Bd7 ({RR} 9... a6 10. Ba4 Nxc5 11. Be3 Nxa4 12. Nxa4) 10. Bd3 ({RR} 10. Bxd7 Nxd7 11. Nxd5 Nxe5) 10... Nxc5 11. Be3 ({RR} 11. Nxd5 Nxd3+ 12. cxd3 Bb5) 11... Nxd3+ 12. Qxd3 Bf5 ({RR} 12... e6) ({RR} 12... Bc6 13. O-O-O) 13. Qxd5 Nc6 14. O-O-O ({RR} 14. Qxd8 Rfxd8) 14... Qc7 15. Qc5 Rac8 ({RR} 15... b6 16. Nd5 Qb7 17. Qxc6) 16. g4 b6 17. Qb5 Be6 18. Rhe1 Na5 19. Ng5 Bc4 20. Qd7 Qxe5 21. Bd2 Qb8 {0-1 Almasi,Z (2595)-Blatny,P (2540) AUT-chT 9697 1996 (7)} {RR} 22. Rxe7 Nc6) ({RR} 7. Nxe4 dxe4 8. Ng5 O-O 9. Nxe4 f6 10. Bc4+ Kh8 11. f4 Nd7 12. O-O Nb6 13. Bb3 Bf5 14. Ng3 Bd7 15. Be3 a5 16. a4 Nd5 17. Qd2 Qb6 18. Kh2 f5 19. Bxd5 cxd5 20. b3 Rac8 21. Rfc1 Be6 {1-0 Mayaud,R (2169)-Eilers,S (2275) Titled Tue 13th Feb Early 2024 (8)}) ({RR} 7. Nxe4 dxe4 8. Ng5 f6 9. exf6 exf6 10. Nxe4 Qe7 11. Qe2 O-O 12. Bf4 f5 13. Nd6 Qxe2+ 14. Bxe2 Bxd4 15. O-O-O Bf6 16. Bc4+ Kg7 17. Rhe1 g5 18. Ne8+ Kg6 19. Bd6 Nd7 20. Bxf8 Nxf8 21. Nxf6 {1-0 Tseshkovsky,V (2490)-Rogers,I (2515) World op 18th 1990 (2)}) ({RR} 7. Nxe4 dxe4 8. Ng5 f6 9. Nxe4 fxe5 10. Bc4 exd4 11. O-O Nd7 12. Re1 Nb6 13. Bb3 Nd5 14. Qf3 Bf5 15. g4 Bxe4 16. Rxe4 Qd6 17. Bg5 O-O-O 18. Qf7 Bf6 19. Bxf6 exf6 20. Rae1 Rd7 21. Re8+ Rxe8 {½-½ Belotti,B (2460)-Klauser,M (2370) SUI-ch int Chiasso 1991}) 7... c5 8. Bb5+ Nc6 9. dxc5 Nxc3 10. bxc3 O-O 11. Bf4 Qc7 12. Qxd5 Bf5 13. O-O Rad8 14. Qb3 Be4 15. Be2 Nxe5 16. Nxe5 Bxe5 17. Bh6 Bg7 18. Be3 Qe5 19. Rab1 Rd7 20. Bb5 Rc7 21. Rfe1 Qf5 22. Bd3 Bxd3 23. cxd3 Qxd3 24. Bf4 Rxc5 25. Rxe7 b6 26. Rxa7 Rxc3 27. Qb5 Bd4 28. Qxd3 Rxd3 29. Be3 Bxe3 30. fxe3 Rxe3 1/2-1/2